000 00396nam a2200181Ia 4500
003 0100
008 130307s9999 xx 000 0 und d
040 _cARRUPELIB
050 _aLB775.M35651943
100 _aMaritain, Jacques
245 _aEducation at the Crossroads
260 _aNew Haven
260 _bYale UP
260 _c1943
300 _av
300 _b120p. 21cm
942 0 0 _02
999 _c83738
_d83738